| 000 | 00652nam a22002057a 4500 | ||
|---|---|---|---|
| 082 |
_a355 _bGUL _cL-40, P-75 |
||
| 245 | _aGuidelines for Study Staff Course Entrance Exam | ||
| 260 | _c2006 | ||
| 300 |
_a227 _bill, _c19cm |
||
| 526 |
_a0 _b0 _c0 _d355_000000000000000_GUL |
||
| 526 |
_a0 _b0 _c0 _d355_000000000000000_GUL |
||
| 526 |
_a0 _b0 _c0 _d355_000000000000000_GUL |
||
| 526 |
_a0 _b0 _c0 _d355_000000000000000_GUL |
||
| 526 |
_a0 _b0 _c0 _d355_000000000000000_GUL |
||
| 526 |
_a0 _b0 _c0 _d355_000000000000000_GUL |
||
| 526 |
_a0 _b0 _c0 _d355_000000000000000_GUL |
||
| 526 |
_a0 _b0 _c0 _d355_000000000000000_GUL |
||
| 650 |
_aMCE _9379 |
||
| 942 |
_2ddc _cBK |
||
| 999 |
_c551501 _d551501 |
||